000 00728nam a2200289Ia 4500
005 20260324114411.0
008 008 260324s9999 xx 000 0 eng d
020 _a9781003058434
037 _aEBOOK
040 _aCRL
040 _beng
040 _cCRL
041 _2eng
041 _aeng
084 _qCRL
100 _aJacques Bou Abdo; Jacques Demerjian; Abdallah Makhoul
_91150623
245 0 _a5G Impact on Biomedical Engineering
245 0 _bWireless Technologies Applications
260 _bTaylor and Francis
260 _c2022
365 _a
365 _b305
856 _uhttp://www.taylorfrancis.com/books/9781003058434
942 _cEBOOK
999 _c1740786
_d1740786